| 000 | 00904cam a2200277 a 4500 | ||
|---|---|---|---|
| 001 | 000020112 | ||
| 003 | OSt | ||
| 005 | 20201127100158.0 | ||
| 008 | 700702s2000 sp 000 f spa | ||
| 040 |
_aDO-SdBNP _bspa _cBNPHU |
||
| 082 |
_a833.912 _bM281m |
||
| 100 | 1 |
_aMann, Thomas, _d1875-1955. _913362 |
|
| 240 | 1 | 0 |
_aDer Zauberberg. _lEspañol |
| 245 | 1 | 3 |
_aLa montaña mágica / _cThomas Mann ; traducción de Mario Verdaguer. |
| 260 |
_aSanto Domingo : _bEl Siglo, _c2000. |
||
| 300 |
_a2v ; _c21 cm. |
||
| 490 | 1 |
_aJoyas del milenio _v14/15 |
|
| 534 |
_aTítulo original: Der Zauberberg _cBarcelona : Bibliotex, 2000. |
||
| 590 | _aInventariado, 2018/ YL | ||
| 650 | 4 |
_aNovela alemana _93302 |
|
| 650 | 4 |
_aLiteratura alemana _93274 |
|
| 700 | 1 |
_aVerdaguer, Mario, _etr. _942703 |
|
| 830 | 0 |
_aJoyas del milenio _n14/15 _942704 |
|
| 910 | _aValidado. Control de calidad MFF | ||
| 942 |
_2ddc _cLBS1 |
||
| 999 |
_c19620 _d19620 |
||